UM Logo

Pananaliksik Sa Aklat o internet ang mas Tinatangkilik ng mga Mag-aaral na Pumasok Sa Silid-aklatan ng Digos City National High School (Record no. 6395)

MARC details
000 -LEADER
fixed length control field 00726nam a22001697a 4500
008 - FIXED-LENGTH DATA ELEMENTS--GENERAL INFORMATION
fixed length control field 170309b xxu||||| |||| 00| 0 eng d
082 ## - DEWEY DECIMAL CLASSIFICATION NUMBER
Edition number 2016
Classification number UT 0717
Item number J95
100 ## - MAIN ENTRY--PERSONAL NAME
9 (RLIN) 19295
Personal name Jumalin, Ian Augustos D.
245 ## - TITLE STATEMENT
Title Pananaliksik Sa Aklat o internet ang mas Tinatangkilik ng mga Mag-aaral na Pumasok Sa Silid-aklatan ng Digos City National High School
Statement of responsibility, etc. Ian Augustos D. Jumalin, Amie Joy D. Maca, Krizza Mae M. Salomeo and Ruel O. Cañas.
300 ## - PHYSICAL DESCRIPTION
Extent 44 pages;
Other physical details 29 cm.
650 #0 - SUBJECT ADDED ENTRY--TOPICAL TERM
9 (RLIN) 19296
Topical term or geographic name as entry element Education
Form subdivision Filipino
General subdivision Undergraduate Thesis.
700 ## - ADDED ENTRY--PERSONAL NAME
9 (RLIN) 19297
Personal name Jumalin, Ian Augustos D.
700 ## - ADDED ENTRY--PERSONAL NAME
9 (RLIN) 19298
Personal name Maca, Amie Joy D.
700 ## - ADDED ENTRY--PERSONAL NAME
9 (RLIN) 19299
Personal name Salomeo, Krizza Mae M.
700 ## - ADDED ENTRY--PERSONAL NAME
9 (RLIN) 19300
Personal name Cañas, Ruel O.
942 ## - ADDED ENTRY ELEMENTS (KOHA)
Source of classification or shelving scheme Dewey Decimal Classification
Koha item type Undergraduate Thesis
Holdings
Withdrawn status Lost status Source of classification or shelving scheme Damaged status Not for loan Home library Current library Date acquired Total Checkouts Full call number Barcode Date last seen Copy number Price effective from Koha item type
    Dewey Decimal Classification     UM Digos College - LIC UM Digos College - LIC 11/07/2016   UT 0717 J95 2016 UT0717 03/09/2017 1 03/09/2017 Undergraduate Thesis
    Dewey Decimal Classification     UM Digos College - LIC UM Digos College - LIC 02/27/2017   UT 0762 J95 2016 UT0762 04/24/2017 2 04/24/2017 Undergraduate Thesis
    Dewey Decimal Classification     UM Digos College - LIC UM Digos College - LIC 02/27/2017   UT 0764 J95 2016 UT0764 04/24/2017 3 04/24/2017 Undergraduate Thesis